| 000 | 01516nam a2200361Ia 4500 | ||
|---|---|---|---|
| 001 | ebr10668460 | ||
| 003 | CaPaEBR | ||
| 006 | m u | ||
| 007 | cr cn||||||||| | ||
| 008 | 021018s2003 enka sb 001 0 eng d | ||
| 010 | _z 2002114574 | ||
| 020 | _z0761947051 (pbk.) | ||
| 020 | _z9780761947059 | ||
| 020 | _z9781446204955 | ||
| 040 |
_aCaPaEBR _cCaPaEBR |
||
| 035 | _a(OCoLC)738380365 | ||
| 050 | 1 | 4 |
_aH62 _b.P934 2003eb |
| 082 | 0 | 4 |
_a001.4/33 _222 |
| 100 | 1 | _aPunch, Keith. | |
| 245 | 1 | 0 |
_aSurvey research _h[electronic resource] : _bthe basics / _cKeith F. Punch. |
| 260 |
_aLondon ; _aThousand Oaks, CA : _bSage Publications, _c2003. |
||
| 300 |
_avi, 123 p. : _bill. |
||
| 490 | 0 | _aEssential resources for social research | |
| 500 | _a"Designed to be used as an independent guide or as a workbook to accompany [his] ... textbook, An introduction to social research"-- Ser. t.p. | ||
| 504 | _aIncludes bibliographical references (p. [111]-114, [118]-120) and index. | ||
| 533 |
_aElectronic reproduction. _bPalo Alto, Calif. : _cebrary, _d2013. _nAvailable via World Wide Web. _nAccess may be limited to ebrary affiliated libraries. |
||
| 650 | 0 |
_aSocial sciences _xResearch. |
|
| 650 | 0 |
_aSocial surveys _xMethodology. |
|
| 655 | 7 |
_aElectronic books. _2local |
|
| 700 | 1 |
_aPunch, Keith. _tIntroduction to social research. |
|
| 710 | 2 | _aebrary, Inc. | |
| 856 | 4 | 0 |
_uhttp://site.ebrary.com/lib/rucke/Doc?id=10668460 _zAn electronic book accessible through the World Wide Web; click to view |
| 999 |
_c61713 _d61713 |
||